Physiologie de la pensée (Record no. 157485)

MARC details
000 -LEADER
campo de control de longitud fija 00766nam a22001935i 4500
001 - NÚMERO DE CONTROL
campo de control 157485
003 - IDENTIFICADOR DE NÚMERO DE CONTROL
campo de control ES-MaACL
005 - FECHA Y HORA DE LA ÚLTIMA TRANSACCIÓN
campo de control 20230906210715.0
008 - DATOS DE LONGITUD FIJA--INFORMACIÓN GENERAL
campo de control de longitud fija 991104s1862 fr a |||| | fre d
040 ## - FUENTE DE CATALOGACIÓN
Centro catalogador/agencia de origen EUS
Lengua de catalogación spa
Centro/agencia transcriptor EUS
100 1# - ENTRADA PRINCIPAL--NOMBRE DE PERSONA
Nombre de persona Lélut, Louis-François.
9 (RLIN) 129181
245 10 - MENCIÓN DEL TÍTULO
Título Physiologie de la pensée
Resto del título : recherche critique des rapports du corps a l'esprit /
Mención de responsabilidad, etc. par M. Lélut.
250 ## - MENCION DE EDICION
Mención de edición Deuxième édition.
260 ## - PUBLICACIÓN, DISTRIBUCIÓN, ETC.
Lugar de publicación, distribución, etc. Paris :
Nombre del editor, distribuidor, etc. Librairie Académique Didier et C\pie\s...,
Fecha de publicación, distribución, etc. 1862 (
Lugar de fabricación/manufactura Paris :
Fabricante Imprimerie de P.-A. Bourdier et C\pie\s)
300 ## - DESCRIPCIÓN FÍSICA
Extensión 2 v. ([2] h., XXXII, 399 p.; [2] h., 478 p.) :
Otras características físicas il. ;
Dimensiones 19 cm.
710 21 - ENTRADA AGREGADA--NOMBRE DE ENTIDAD CORPORATIVA
Nombre de entidad corporativa o nombre de jurisdicción como elemento de entrada Didier et Compagnie (
Sede del congreso/Lugar de la reunión París,
Término indicativo de función/relación
9 (RLIN) 134334
852 ## - LOCALIZACIÓN
Ubicación ES-MaACL
Número de control de estantería G-15731-15732
Nota libre -- Enc. hol.
Holdings
Estatus retirado Estado de pérdida Estado de daño No para préstamo Colección Biblioteca de origen Biblioteca actual Ubicación en estantería Fecha de adquisición Fuente de adquisición Total de préstamos Signatura topográfica completa Código de barras Visto por última vez Precio de reemplazo Tipo de ítem Koha
        Libros del s. XIX Biblioteca del Ateneo de Madrid Biblioteca del Ateneo de Madrid Sala Pecera Planta 3 17/01/2008     G-15731-15732 1164803 23/02/2023 23/02/2023 Libro impreso antiguo